The family romance /

Bibliographic Details
Main Author: Mandel, Eli, 1922-1992
Format: Book
Language:English
Published: Winnipeg, Manitoba : Turnstone, [1986]
Subjects:

MARC

Tag First Indicator Second Indicator Subfields
LEADER 00000cam a22000005a 4500
001 in00000590121
005 20151014081811.0
008 870611s1986 mbc b 00010 eng d
020 |a 0888011032 
035 |a (OCoLC)15911823 
035 |9 ACQ0889AM 
040 |a GZM  |c GZM  |d TXA  |d UtOrBLW 
049 |a TXAM  |c [A10855250] 
090 |a PR9189.6  |b .M3 1986 
100 1 |a Mandel, Eli,  |d 1922-1992. 
245 1 4 |a The family romance /  |c Eli Mandel. 
264 1 |a Winnipeg, Manitoba :  |b Turnstone,  |c [1986] 
264 4 |c ©1986 
300 |a xii, 259 pages ;  |c 21 cm. 
336 |a text  |b txt  |2 rdacontent 
337 |a unmediated  |b n  |2 rdamedia 
338 |a volume  |b nc  |2 rdacarrier 
504 |a Includes bibliographies. 
650 0 |a Canadian literature  |x History and criticism. 
999 |a MARS 
999 f f |s 93bb5806-29b5-36f3-9448-09c0ad65c4d6  |i cd28b2fb-2842-3b95-97af-3d4ca4373ec8  |t 0 
952 f f |p ric  |a Texas A&M University  |b Rellis Campus  |c Joint Library Facility  |d Remote Storage  |t 0  |e PR9189.6 .M3 1986  |h Library of Congress classification  |i unmediated -- volume  |m A14810855250 
998 f f |a PR9189.6 .M3 1986  |t 0  |l Remote Storage